[Event "CAN-ch U12 w"]
[Site "Regina CAN"]
[Date "2019.07.08"]
[Round "4.56"]
[White "Chen, Helen"]
[Black "Sreekumar, Gauri"]
[Result "1-0"]
[WhiteElo "1512"]
[BlackElo "799"]
[PlyCount "57"]
[EventDate "2019.07.07"]
[EventType "swiss"]
[EventRounds "7"]
[EventCountry "CAN"]

1. e4 c5 2. Nf3 g6 3. d4 cxd4 4. Nxd4 Bg7 5. Be2 Nc6 6. Be3 Nf6 7. Nc3 O-O 8.
O-O d6 9. f4 e6 10. Ndb5 d5 11. exd5 exd5 12. Bf3 Be6 13. Bc5 Re8 14. Nd6 Re7
15. Nxd5 Rd7 16. Nxf6+ Qxf6 17. Qc1 Qh4 18. Ne4 Rad8 19. Bf2 Bd4 20. Kh1 Bxf2
21. Rxf2 Bg4 22. Bxg4 Qxg4 23. Nf6+ Kg7 24. Nxg4 Rd1+ 25. Qxd1 Rxd1+ 26. Rxd1
h5 27. Ne5 Kf6 28. Nxc6 bxc6 29. Rd6+ 1-0

[Event "CAN-ch U12 w"]
[Site "Regina CAN"]
[Date "2019.07.09"]
[Round "5.51"]
[White "Wang, Rachel Zihan"]
[Black "Jiang, Kate"]
[Result "0-1"]
[WhiteElo "1551"]
[BlackElo "1859"]
[PlyCount "406"]
[EventDate "2019.07.07"]
[EventType "swiss"]
[EventRounds "7"]
[EventCountry "CAN"]

1. d4 d5 2. c4 Nc6 3. Nc3 e6 4. Nf3 Nf6 5. Bg5 Be7 6. e3 h6 7. Bh4 a6 8. Rc1
O-O 9. Bd3 dxc4 10. Bxc4 b5 11. Bd3 Nb4 12. Bb1 Nbd5 13. Nxd5 Nxd5 14. Bxe7
Qxe7 15. O-O Bb7 16. Qc2 g6 17. Qc5 Qd6 18. Be4 Rac8 19. Bxd5 Bxd5 20. a3 Rfe8
21. Rc3 Qxc5 22. Rxc5 c6 23. Ne5 Red8 24. Rfc1 Rd6 25. R1c3 Kg7 26. b3 f6 27.
Nd3 Be4 28. f3 Bxd3 29. Rxd3 e5 30. d5 Rcd8 31. Rdc3 cxd5 32. Rc1 Kf7 33. Kf2
Ke6 34. Ke2 d4 35. e4 f5 36. Kd3 Rf8 37. g3 h5 38. f4 exf4 39. gxf4 fxe4+ 40.
Kxe4 d3 41. Rd1 Rfd8 42. Rc3 d2 43. Ke3 Kf5 44. Rc5+ Kf6 45. Rc3 Re8+ 46. Kf2
Re4 47. Rc2 Rxf4+ 48. Ke3 Rfd4 49. Rcxd2 Rxd2 50. Rxd2 Rxd2 51. Kxd2 Ke5 52.
Ke3 a5 53. b4 a4 54. h4 Kd5 55. Kd3 Ke5 56. Ke3 Kf5 57. Kd4 Kg4 58. Kc5 Kxh4
59. Kxb5 g5 60. Kxa4 g4 61. b5 g3 62. b6 g2 63. b7 g1=Q 64. b8=Q Qd1+ 65. Ka5
Qd5+ 66. Ka4 Qd7+ 67. Ka5 Qd5+ 68. Ka4 Kh3 69. Qc8+ Kg3 70. Qb8+ Kf3 71. Qh2
Qe4+ 72. Ka5 Qf5+ 73. Kb6 Qg6+ 74. Kb5 Qe8+ 75. Ka5 Qa8+ 76. Kb4 Qb7+ 77. Ka4
Kg4 78. Qg1+ Kh3 79. Qe3+ Kg4 80. Qg1+ Kf5 81. Qc5+ Kg6 82. Qg1+ Kh7 83. Qh2
Qe4+ 84. Ka5 h4 85. Qc7+ Kh6 86. Qc1+ Kh5 87. Qc5+ Kg6 88. Qd6+ Kg5 89. Qd2+
Qf4 90. Qd8+ Kg4 91. Qd1+ Qf3 92. Qg1+ Kh5 93. a4 h3 94. Qh2 Qg2 95. Qc7 h2 96.
Qh7+ Kg4 97. Qg6+ Kf3 98. Qf5+ Ke3 99. Qe5+ Kf2 100. Qf4+ Ke2 101. Qe5+ Kf3
102. Qd5+ Kf2 103. Qd2+ Kg1 104. Qe1+ Qf1 105. Qg3+ Kh1 106. Kb4 Qb1+ 107. Ka5
Qf5+ 108. Kb4 Qb1+ 109. Ka5 Qf1 110. Kb4 Qf8+ 111. Kb5 Qf5+ 112. Kb4 Qd5 113.
a5 Qb7+ 114. Kc5 Qe7+ 115. Kb6 Qb4+ 116. Kc6 Qc4+ 117. Kb6 Qf1 118. Kc7 Qf7+
119. Kb6 Qf6+ 120. Kb5 Qf1+ 121. Kb4 Qf6 122. Kb5 Qb2+ 123. Kc5 Qc2+ 124. Kb5
Qe2+ 125. Kb4 Qe4+ 126. Kb5 Qb7+ 127. Kc4 Qa8 128. Kb4 Qf8+ 129. Kb5 Qf5+ 130.
Kb4 Qf6 131. Kb5 Qb2+ 132. Kc5 Qc2+ 133. Kb5 Qb1+ 134. Ka4 Qd1+ 135. Kb4 Qf1
136. Kb3 Qb5+ 137. Kc3 Qxa5+ 138. Kd4 Qb4+ 139. Kd5 Qb5+ 140. Ke6 Qe2+ 141. Kd6
Qd2+ 142. Ke6 Qd1 143. Kf5 Qe2 144. Kf6 Qe4 145. Kf7 Qc6 146. Ke7 Qc2 147. Kf6
Qe2 148. Kf7 Qe4 149. Kf6 Qb7 150. Kf5 Qc6 151. Qg7 Qf3+ 152. Ke6 Qe4+ 153. Kd6
Qb1 154. Ke6 Qb6+ 155. Kf5 Qf2+ 156. Ke6 Qf3 157. Qg5 Qe2+ 158. Kd6 Qf2 159.
Ke6 Qa2+ 160. Kd6 Qe2 161. Kd7 Qb2 162. Ke6 Qb7 163. Qg3 Qc8+ 164. Kf6 Qd8+
165. Ke6 Qe8+ 166. Kf6 Qf8+ 167. Ke6 Qf1 168. Ke7 Qd1 169. Ke6 Qe2+ 170. Kf6
Qe4 171. Kf7 Qa8 172. Ke6 Qf8 173. Kd5 Qf6 174. Ke4 Qe6+ 175. Kd4 Qf5 176. Kc4
Qf8 177. Kd5 Qa8+ 178. Ke6 Qb7 179. Kf6 Qd5 180. Ke7 Qa8 181. Ke6 Qb7 182. Kf6
Qb2+ 183. Ke6 Qd2 184. Ke7 Qa2 185. Kf6 Qe2 186. Kf7 Qh5+ 187. Ke6 Qh7 188. Kf6
Qh8+ 189. Ke6 Qh7 190. Kf6 Qb7 191. Kf5 Qc6 192. Qg7 Qf3+ 193. Ke6 Qe3+ 194.
Kf5 Qh3+ 195. Kf4 Qf1+ 196. Ke4 Qg2+ 197. Qxg2+ Kxg2 198. Kd5 h1=Q 199. Kd4 Qe1
200. Kd3 Qe5 201. Kd2 Kf3 202. Kd1 Qb2 203. Ke1 Qe2# 0-1

[Event "CAN-ch U12 w"]
[Site "Regina CAN"]
[Date "2019.07.09"]
[Round "5.52"]
[White "Guo, Yu Han (Veronica)"]
[Black "Surya, Dania"]
[Result "1-0"]
[WhiteElo "1485"]
[BlackElo "1429"]
[PlyCount "105"]
[EventDate "2019.07.07"]
[EventType "swiss"]
[EventRounds "7"]
[EventCountry "CAN"]

1. e4 d5 2. exd5 Qxd5 3. Nc3 Qa5 4. d4 Nf6 5. Nf3 Bg4 6. h3 Bh5 7. g4 Bg6 8.
Ne5 e6 9. Nc4 Qb4 10. a3 Qe7 11. Bg2 c6 12. Bf4 Qd8 13. Qd2 Nbd7 14. O-O-O Nb6
15. Ne5 Rc8 16. Nxg6 hxg6 17. Qd3 Nfd5 18. Bg3 Nxc3 19. Qxc3 Bd6 20. Rhe1 Nd5
21. Qd2 Bxg3 22. fxg3 b5 23. Qe2 Qd6 24. Qe5 Qxe5 25. Rxe5 Kd7 26. Bxd5 exd5
27. Rde1 Rhe8 28. Rxe8 Rxe8 29. Rxe8 Kxe8 30. Kd2 Ke7 31. Kc3 a5 32. Kb3 g5 33.
a4 b4 34. c3 bxc3 35. Kxc3 Kd6 36. b4 axb4+ 37. Kxb4 Kc7 38. Kc5 Kb7 39. a5 f6
40. a6+ Kxa6 41. Kxc6 Ka5 42. Kxd5 Kb6 43. Ke6 Kc7 44. d5 Kd8 45. d6 Ke8 46.
d7+ Kd8 47. Kd6 f5 48. gxf5 g4 49. hxg4 g6 50. g5 gxf5 51. g6 f4 52. g7 fxg3
53. g8=Q# 1-0

[Event "CAN-ch U12 w"]
[Site "Regina CAN"]
[Date "2019.07.09"]
[Round "5.53"]
[White "Ksenych, Alexa"]
[Black "Zhong, April Yunwei"]
[Result "0-1"]
[WhiteElo "1146"]
[BlackElo "1326"]
[PlyCount "130"]
[EventDate "2019.07.07"]
[EventType "swiss"]
[EventRounds "7"]
[EventCountry "CAN"]

1. d4 f5 2. c4 e6 3. Nf3 Nf6 4. Nc3 d6 5. Bg5 Be7 6. e4 Nxe4 7. Bxe7 Qxe7 8.
Nxe4 fxe4 9. Nd2 d5 10. cxd5 exd5 11. Qh5+ Qf7 12. Qxf7+ Kxf7 13. Be2 Rf8 14.
O-O Bf5 15. Rac1 c6 16. b4 a6 17. a4 Kg8 18. Nb3 Nd7 19. b5 Rfc8 20. bxa6 b6
21. Rc3 c5 22. Bb5 c4 23. Rfc1 Nb8 24. Nd2 Nxa6 25. Rb1 Nb8 26. f3 e3 27. Rxe3
Bxb1 28. Nxb1 Na6 29. Nc3 Nb4 30. Re5 Rd8 31. h4 Ra7 32. g4 Rf7 33. Kg2 Rf6 34.
g5 Rfd6 35. Kg3 Nc2 36. Ne2 Rc8 37. Ba6 Rc7 38. Bb5 Na3 39. Re3 Nxb5 40. axb5
Rdd7 41. Nc3 Re7 42. Rxe7 Rxe7 43. Nxd5 Re6 44. Kf4 Rd6 45. Ne3 Rxd4+ 46. Ke5
Rxh4 47. Kd5 c3 48. Kc6 c2 49. Nxc2 Rc4+ 50. Kxb6 Rxc2 51. Kb7 Rb2 52. b6 Rxb6+
53. Kxb6 Kf7 54. Kc5 Kg6 55. Kd4 Kxg5 56. Ke4 h5 57. Ke3 h4 58. Kf2 Kf4 59. Kg2
g5 60. Kh3 Kxf3 61. Kh2 g4 62. Kg1 Kg3 63. Kh1 Kf2 64. Kh2 g3+ 65. Kh1 g2+ 0-1

[Event "CAN-ch U12 w"]
[Site "Regina CAN"]
[Date "2019.07.09"]
[Round "5.54"]
[White "Lin, Angela"]
[Black "Mok, Gillian"]
[Result "1-0"]
[WhiteElo "1146"]
[BlackElo "1323"]
[PlyCount "155"]
[EventDate "2019.07.07"]
[EventType "swiss"]
[EventRounds "7"]
[EventCountry "CAN"]

1. d4 Nf6 2. Nf3 d6 3. c4 g6 4. Bf4 Bg7 5. Nc3 Bf5 6. e3 Nc6 7. Bd3 Bxd3 8.
Qxd3 O-O 9. O-O Nd7 10. Bg3 f5 11. Rad1 Nf6 12. Rfe1 d5 13. cxd5 Nxd5 14. Qc4
e6 15. Bh4 Qd7 16. Ng5 Rad8 17. Nxd5 exd5 18. Qb3 Rfe8 19. Nf3 Rb8 20. Rc1 Na5
21. Qc3 Nc6 22. Bg3 Bf8 23. a3 a5 24. Ne5 Nxe5 25. Bxe5 Rbc8 26. Qxa5 c5 27.
Qd2 Bh6 28. Bg3 cxd4 29. Qxd4 Re4 30. Rxc8+ Qxc8 31. Qxd5+ Kf8 32. Bd6+ Kg7 33.
Rd1 Kf6 34. Bc5 Re6 35. Qd8+ Qxd8 36. Rxd8 Bg7 37. Bd4+ Ke7 38. Rd5 Rc6 39. h3
Ke6 40. Rb5 Bxd4 41. exd4 Rc1+ 42. Kh2 Rc7 43. Kg3 Rd7 44. Kf3 Kf6 45. g4 fxg4+
46. hxg4 Rf7 47. Kg3 Ke6 48. f4 Rd7 49. Kf3 Rf7 50. Ke4 Kd6 51. Rb6+ Kc7 52.
Re6 Kd7 53. d5 Kc7 54. Ke5 Kd7 55. d6 b6 56. Rf6 Rxf6 57. Kxf6 Kxd6 58. Kg7 h5
59. f5 gxf5 60. gxf5 h4 61. f6 h3 62. f7 Ke6 63. f8=Q h2 64. Qf1 h1=Q 65. Qxh1
Kd6 66. Qe4 b5 67. Kf7 Kc5 68. Qd3 b4 69. axb4+ Kxb4 70. Qc3+ Ka4 71. Qc4+ Ka5
72. Qb3 Ka6 73. Qb4 Ka7 74. Qb5 Ka8 75. Ke7 Ka7 76. Kd7 Ka8 77. Kc7 Ka7 78.
Qa5# 1-0

[Event "CAN-ch U12 w"]
[Site "Regina CAN"]
[Date "2019.07.09"]
[Round "5.55"]
[White "Boucher, Anne-Marie"]
[Black "Sreekumar, Gauri"]
[Result "0-1"]
[WhiteElo "1062"]
[BlackElo "799"]
[PlyCount "44"]
[EventDate "2019.07.07"]
[EventType "swiss"]
[EventRounds "7"]
[EventCountry "CAN"]

1. e4 c5 2. Nf3 g6 3. d4 cxd4 4. Nxd4 Bg7 5. Be3 Nc6 6. Nc3 Nf6 7. Bb5 Ne5 8.
O-O O-O 9. Bf4 d6 10. Nf3 Bg4 11. h3 Nxf3+ 12. gxf3 Bxh3 13. Re1 a6 14. Bc4 Nh5
15. Qd2 Rc8 16. Bd5 Rxc3 17. bxc3 Bxc3 18. Qxc3 Nxf4 19. Qd2 e5 20. Kh1 Bg2+
21. Kg1 Qh4 22. Rad1 Qh1# 0-1

[Event "CAN-ch U12 w"]
[Site "Regina CAN"]
[Date "2019.07.09"]
[Round "5.56"]
[White "Geillon-Barral, Roween"]
[Black "Li, Mengbai"]
[Result "0-1"]
[WhiteElo "884"]
[BlackElo "947"]
[PlyCount "138"]
[EventDate "2019.07.07"]
[EventType "swiss"]
[EventRounds "7"]
[EventCountry "CAN"]

1. e4 e5 2. Nf3 Nc6 3. Bc4 Bc5 4. d3 h6 5. Nc3 Nf6 6. O-O d6 7. h3 O-O 8. Re1
Re8 9. Be3 Bb6 10. Qd2 Be6 11. Bxe6 fxe6 12. a3 d5 13. exd5 exd5 14. Bxb6 axb6
15. d4 e4 16. Nh4 Nh5 17. Nf5 Ne7 18. Ne3 c6 19. Qe2 Nf6 20. Ng4 Nf5 21. Nxf6+
Qxf6 22. Qd2 Nxd4 23. Re3 Nf5 24. Re2 Re7 25. Rf1 Rae8 26. f3 e3 27. Nxd5 cxd5
28. Qxd5+ Qe6 29. Rd1 Qxd5 30. Rxd5 Re5 31. Rd7 R8e7 32. Rd8+ Kf7 33. g4 Ng3
34. Re1 e2 35. Kg2 Nf1 36. Kf2 Ne3 37. Rxe2 Nxg4+ 38. hxg4 Rxe2+ 39. Kg3 Rxc2
40. b4 Ra2 41. a4 Rxa4 42. b5 Rb4 43. Rd5 Kf6 44. Rf5+ Kg6 45. Kh4 Rf7 46. Re5
Kh7 47. Kg3 Rb3 48. Kh4 Rfxf3 49. g5 hxg5+ 50. Rxg5 Rh3+ 51. Kg4 Rhg3+ 52. Kh4
Rxg5 53. Kxg5 Rxb5+ 54. Kf4 Rc5 55. Ke4 b5 56. Kd4 Rc8 57. Ke4 b4 58. Kf5 b3
59. Kg5 b2 60. Kg4 b1=R 61. Kf4 Rc5 62. Ke4 Rb4+ 63. Kd3 Rh5 64. Kc3 Rg4 65.
Kd3 Rh3+ 66. Ke2 Rg2+ 67. Kf1 Ra2 68. Kg1 Rb3 69. Kf1 Rb1# 0-1

[Event "CAN-ch U12 w"]
[Site "Regina CAN"]
[Date "2019.07.09"]
[Round "6.51"]
[White "Jiang, Kate"]
[Black "Guo, Yu Han (Veronica)"]
[Result "0-1"]
[WhiteElo "1859"]
[BlackElo "1485"]
[PlyCount "122"]
[EventDate "2019.07.07"]
[EventType "swiss"]
[EventRounds "7"]
[EventCountry "CAN"]

1. e4 e5 2. Nf3 Nc6 3. Bb5 a6 4. Ba4 Nf6 5. O-O Be7 6. Re1 b5 7. Bb3 d6 8. c3
O-O 9. h3 Na5 10. Bc2 c5 11. d4 Qc7 12. Nbd2 cxd4 13. cxd4 Nc6 14. d5 Nb4 15.
Bb1 a5 16. Nf1 Bd7 17. Ng3 Rfc8 18. Be3 Qb7 19. a3 Na6 20. Bd3 Nc5 21. Rc1 Nxd3
22. Qxd3 b4 23. Qb3 Rxc1 24. Rxc1 Rb8 25. Rc2 a4 26. Qxb4 Qxb4 27. axb4 Rxb4
28. Bg5 h6 29. Bxf6 Bxf6 30. Ne1 Bb5 31. f3 Bh4 32. Kh2 Kh7 33. Rd2 Rb3 34. Rf2
Kg6 35. Rc2 Kg5 36. Rc3 Rxc3 37. bxc3 Kf4 38. Nh5+ Ke3 39. Nc2+ Kd2 40. Na3 Bd3
41. c4 Kc3 42. Nxg7 Bxc4 43. Nf5 Kb3 44. Nb1 Bd3 45. Nd2+ Kc2 46. Nc4 Bxc4 47.
Nxd6 Ba6 48. Nxf7 Bf2 49. Nxe5 a3 50. Nc6 Bc5 51. e5 a2 52. d6 a1=Q 53. d7 Qg1+
54. Kg3 Bf2+ 55. Kf4 Qc1+ 56. Ke4 Qe3+ 57. Kf5 Qd3+ 58. Ke6 Bc4+ 59. Ke7 Bh4+
60. Ke8 Qg6+ 61. Kf8 Qf7# 0-1

[Event "CAN-ch U12 w"]
[Site "Regina CAN"]
[Date "2019.07.09"]
[Round "6.52"]
[White "Zhong, April Yunwei"]
[Black "Lin, Angela"]
[Result "1-0"]
[WhiteElo "1326"]
[BlackElo "1368"]
[PlyCount "145"]
[EventDate "2019.07.07"]
[EventType "swiss"]
[EventRounds "7"]
[EventCountry "CAN"]

1. d4 d5 2. Bf4 Nf6 3. e3 Bf5 4. c4 e6 5. c5 c6 6. b4 Be7 7. Nc3 O-O 8. Nf3 a6
9. h3 Nbd7 10. Be2 h6 11. O-O Ne4 12. Nxe4 Bxe4 13. Bd3 Nf6 14. Ne5 Bxd3 15.
Qxd3 Ne4 16. a4 Qe8 17. Rab1 Rc8 18. Rb2 Bd8 19. Rfb1 Bc7 20. Bh2 f6 21. Nf3
Bxh2+ 22. Nxh2 f5 23. f4 Qh5 24. b5 axb5 25. axb5 Ra8 26. Nf3 Rfc8 27. Ne5 Qe8
28. bxc6 bxc6 29. Rb7 Nf6 30. Qb3 Ra6 31. Rb8 Ra8 32. Rxa8 Rxa8 33. Qb7 Rc8 34.
Rb6 Ne4 35. Nxc6 Kh8 36. Na7 Ra8 37. c6 Nd6 38. Qd7 Qxd7 39. cxd7 Nf7 40. Nc6
Kg8 41. Ne7+ Kf8 42. Ng6+ Kg8 43. Rc6 Kh7 44. Rc8 Ra1+ 45. Kh2 Kxg6 46. Rf8 Re1
47. Rxf7 Kxf7 48. d8=Q Rxe3 49. Qc7+ Kf6 50. g3 Re2+ 51. Kg1 Re1+ 52. Kf2 Re4
53. Kf3 Kg6 54. g4 fxg4+ 55. hxg4 Rxd4 56. f5+ Kf6 57. fxe6 Kxe6 58. Qb6+ Ke5
59. Qb2 g6 60. Ke3 h5 61. Qxd4+ Kd6 62. Qf6+ Kc5 63. Qxg6 Kc4 64. Qd3+ Kc5 65.
gxh5 Kd6 66. h6 Ke6 67. h7 Kd6 68. h8=Q d4+ 69. Qhxd4+ Ke6 70. Q4e4+ Kf6 71.
Qf1+ Kg5 72. Qeg2+ Kh5 73. Qfh1# 1-0

[Event "CAN-ch U12 w"]
[Site "Regina CAN"]
[Date "2019.07.09"]
[Round "6.53"]
[White "Ksenych, Alexa"]
[Black "Wang, Rachel Zihan"]
[Result "0-1"]
[WhiteElo "1146"]
[BlackElo "1551"]
[PlyCount "78"]
[EventDate "2019.07.07"]
[EventType "swiss"]
[EventRounds "7"]
[EventCountry "CAN"]

1. d4 d5 2. e4 dxe4 3. Nc3 Nf6 4. f3 exf3 5. Nxf3 e6 6. Bg5 Be7 7. Bd3 O-O 8.
Qd2 Nbd7 9. h4 c5 10. Bxf6 Bxf6 11. Be4 cxd4 12. Nxd4 Nb6 13. Nce2 Bxd4 14.
Qxd4 Qxd4 15. Nxd4 Rd8 16. O-O-O f5 17. Bf3 e5 18. Nb5 Rxd1+ 19. Rxd1 e4 20.
Rd8+ Kf7 21. Be2 a6 22. Nd4 Bd7 23. Rxa8 Nxa8 24. g3 Nc7 25. Kd2 Nb5 26. Bxb5
axb5 27. b4 Kf6 28. Ke3 Ke5 29. Ne2 h6 30. h5 Be8 31. Nf4 Kf6 32. a3 Bf7 33.
Nh3 Ke5 34. Nf2 g5 35. c3 Bc4 36. Nh3 b6 37. Nf2 f4+ 38. gxf4+ gxf4+ 39. Kd2
e3+ 0-1

[Event "CAN-ch U12 w"]
[Site "Regina CAN"]
[Date "2019.07.09"]
[Round "6.54"]
[White "Surya, Dania"]
[Black "Chen, Helen"]
[Result "1-0"]
[WhiteElo "1429"]
[BlackElo "1512"]
[PlyCount "117"]
[EventDate "2019.07.07"]
[EventType "swiss"]
[EventRounds "7"]
[EventCountry "CAN"]

1. e4 c5 2. d4 cxd4 3. c3 dxc3 4. Nxc3 Nc6 5. Bc4 Nf6 6. Nf3 e6 7. O-O Bc5 8.
Qe2 O-O 9. Bg5 h6 10. Be3 Bxe3 11. Qxe3 Nb4 12. Qe2 d5 13. Rfd1 Qa5 14. Bb3 Rd8
15. Rac1 Nc6 16. exd5 exd5 17. Qb5 Qxb5 18. Nxb5 Be6 19. Re1 Bf5 20. Rcd1 Bg4
21. Rd3 Bxf3 22. Rxf3 a6 23. Na3 Nd4 24. Rd3 Nxb3 25. Rxb3 Re8 26. Rxe8+ Rxe8
27. f3 b5 28. Nc2 Re2 29. Nb4 a5 30. Nc6 a4 31. Rxb5 Re1+ 32. Kf2 Ra1 33. Nb4
Rb1 34. Nd3 Kf8 35. Ra5 Rd1 36. Ke2 Rh1 37. h3 Rg1 38. Ne1 d4 39. Rxa4 d3+ 40.
Nxd3 Rxg2+ 41. Nf2 Nh7 42. Rg4 Rh2 43. b4 Ng5 44. Ke3 Ke7 45. b5 Kd6 46. Rc4
Kd5 47. Rc1 Ne6 48. a4 Nc5 49. b6 Kc6 50. Rxc5+ Kxb6 51. Re5 Rg2 52. Re4 Ka5
53. Rg4 Rxg4 54. fxg4 Kxa4 55. Kd4 Kb4 56. Ne4 Kb3 57. Nd6 f6 58. Nf5 h5 59.
gxh5 1-0

[Event "CAN-ch U12 w"]
[Site "Regina CAN"]
[Date "2019.07.09"]
[Round "6.55"]
[White "Sreekumar, Gauri"]
[Black "Li, Mengbai"]
[Result "0-1"]
[WhiteElo "799"]
[BlackElo "947"]
[PlyCount "134"]
[EventDate "2019.07.07"]
[EventType "swiss"]
[EventRounds "7"]
[EventCountry "CAN"]

1. e4 e5 2. Nf3 Nc6 3. Bc4 Bc5 4. b4 Bb6 5. b5 Na5 6. Nxe5 d6 7. Nxf7 Qf6 8.
O-O Qxa1 9. Nxh8 Nxc4 10. Nc3 Bd4 11. Qh5+ Kd8 12. Nf7+ Kd7 13. Nd5 Nf6 14.
Nxf6+ Bxf6 15. d3 Ne5 16. Bf4 Qb2 17. Nxe5+ dxe5 18. Qf7+ Be7 19. Bg5 Qb4 20.
Rd1 Kd8 21. Qf8+ Kd7 22. Qf7 h6 23. Qd5+ Qd6 24. Qxd6+ cxd6 25. Bxe7 Kxe7 26.
c4 Be6 27. Rc1 b6 28. Kf1 a6 29. a4 axb5 30. axb5 Ra3 31. Ke2 Kf6 32. Kd2 Kg5
33. Rc3 Rxc3 34. Kxc3 Kf4 35. f3 Ke3 36. h4 Kf2 37. d4 exd4+ 38. Kxd4 Kxg2 39.
f4 Kg3 40. e5 dxe5+ 41. fxe5 Kxh4 42. c5 bxc5+ 43. Kxc5 Kg5 44. b6 Bc8 45. Kc6
Kf5 46. Kc7 Ba6 47. Kd6 Bc8 48. e6 Kf6 49. e7 Kf7 50. b7 Bxb7 51. Kd7 Bc6+ 52.
Kxc6 Kxe7 53. Kd5 Kf6 54. Ke4 Kg5 55. Kf3 Kh4 56. Kg2 Kg4 57. Kg1 Kg3 58. Kh1
Kf2 59. Kh2 g5 60. Kh3 Kf3 61. Kh2 g4 62. Kg1 Kg3 63. Kh1 Kf2 64. Kh2 g3+ 65.
Kh1 g2+ 66. Kh2 g1=Q+ 67. Kh3 Qg3# 0-1

[Event "CAN-ch U12 w"]
[Site "Regina CAN"]
[Date "2019.07.09"]
[Round "6.56"]
[White "Geillon-Barral, Roween"]
[Black "Boucher, Anne-Marie"]
[Result "1-0"]
[WhiteElo "884"]
[BlackElo "1062"]
[PlyCount "157"]
[EventDate "2019.07.07"]
[EventType "swiss"]
[EventRounds "7"]
[EventCountry "CAN"]

1. e4 e5 2. Nf3 Nc6 3. Bc4 Nf6 4. Nc3 Bb4 5. a3 Ba5 6. b4 Bb6 7. O-O O-O 8. Qe2
d6 9. h3 Nd4 10. Qd3 c6 11. Bb3 Re8 12. Ne2 Nxf3+ 13. Qxf3 d5 14. d3 Bd4 15. c3
Bb6 16. Re1 d4 17. c4 c5 18. Qg3 Nh5 19. Qf3 Nf6 20. Qg3 cxb4 21. Bh6 Nh5 22.
Qf3 gxh6 23. Qxh5 Qf6 24. Rf1 Kh8 25. f4 Qg7 26. Rf3 Rg8 27. Rg3 Qf6 28. Rf1
Bc7 29. fxe5 Qxe5 30. Rxf7 Be6 31. Qf3 Rxg3 32. Nxg3 Qxg3 33. Qxg3 Bxg3 34.
axb4 Bd6 35. Rf6 Re8 36. b5 h5 37. Rh6 Bc7 38. Rxh5 a5 39. bxa6 bxa6 40. Rc5
Bd6 41. Rc6 Rb8 42. Bc2 Rb2 43. Ba4 Rb1+ 44. Kf2 Ra1 45. Bc2 Ra2 46. Rxd6 Rxc2+
47. Kg1 Bc8 48. Rd8+ Kg7 49. Rxc8 Rd2 50. Ra8 Rxd3 51. Rxa6 Re3 52. Re6 d3 53.
Rd6 Re1+ 54. Kf2 Rd1 55. c5 d2 56. Ke2 Rc1 57. Kxd2 Rxc5 58. Ke3 Re5 59. Rd5
Re6 60. e5 Kf7 61. Ke4 Ke7 62. g3 h5 63. Kf4 Rh6 64. h4 Rg6 65. Ra5 Rg4+ 66.
Kf3 Ke6 67. Rb5 Kf5 68. Rc5 Ke6 69. Rb5 Rg8 70. Kf4 Re8 71. Kg5 Rh8 72. g4 Rh7
73. gxh5 Rg7+ 74. Kf4 Rh7 75. Kg5 Kf7 76. Rb6 Rg7+ 77. Kh6 Kf8 78. e6 Kg8 79.
Rb8# 1-0

[Event "CAN-ch U12 w"]
[Site "Regina CAN"]
[Date "2019.07.10"]
[Round "7.51"]
[White "Guo, Yu Han (Veronica)"]
[Black "Zhong, April Yunwei"]
[Result "1-0"]
[WhiteElo "1485"]
[BlackElo "1326"]
[PlyCount "113"]
[EventDate "2019.07.07"]
[EventType "swiss"]
[EventRounds "7"]
[EventCountry "CAN"]

1. e4 c5 2. Nf3 d6 3. Bb5+ Bd7 4. Bxd7+ Qxd7 5. O-O g6 6. c3 d5 7. e5 d4 8. d3
Nc6 9. Re1 Qc7 10. Bf4 Qb6 11. Qc1 Nd8 12. Nbd2 Ne6 13. Nc4 Qd8 14. cxd4 cxd4
15. Ng5 Qd5 16. Nxe6 fxe6 17. Qc2 Nh6 18. Na3 Bg7 19. Qa4+ Qd7 20. Qxd7+ Kxd7
21. Nb5 Nf5 22. Re4 Rhf8 23. Nxd4 Rac8 24. Nxf5 exf5 25. Rc4 Rxc4 26. dxc4 Rc8
27. b3 Rc5 28. Re1 Ke6 29. h4 Ra5 30. a4 Bxe5 31. Bd2 Rc5 32. f4 Kf6 33. fxe5+
Ke6 34. Bf4 a6 35. Kf2 b5 36. axb5 axb5 37. cxb5 Rxb5 38. Rb1 Rb4 39. g3 Kd5
40. Ke3 Re4+ 41. Kd3 Kc5 42. Rc1+ Kb6 43. Rc4 Re1 44. Rc8 Rb1 45. Re8 Rd1+ 46.
Kc4 Rd7 47. Bg5 Rc7+ 48. Kb4 Rc2 49. Rxe7 Re2 50. Re6+ Kc7 51. Kb5 Rc2 52. Re7+
Kc8 53. e6 Rb2 54. Kc6 Kb8 55. Re8+ Ka7 56. Be3+ Ka6 57. Ra8# 1-0

[Event "CAN-ch U12 w"]
[Site "Regina CAN"]
[Date "2019.07.10"]
[Round "7.52"]
[White "Surya, Dania"]
[Black "Jiang, Kate"]
[Result "0-1"]
[WhiteElo "1429"]
[BlackElo "1859"]
[PlyCount "126"]
[EventDate "2019.07.07"]
[EventType "swiss"]
[EventRounds "7"]
[EventCountry "CAN"]

1. e4 e5 2. Nf3 Nc6 3. Bc4 Nf6 4. d3 Bc5 5. c3 d6 6. Bb3 h6 7. O-O O-O 8. Nbd2
Re8 9. h3 Bb6 10. Re1 Be6 11. Bxe6 fxe6 12. Nc4 Qd7 13. Nxb6 axb6 14. d4 exd4
15. cxd4 d5 16. e5 Ne4 17. Be3 Na5 18. Nd2 Nxd2 19. Qxd2 Nc4 20. Qc2 Qe7 21. a3
c5 22. Rad1 Rac8 23. Qe2 Rf8 24. Rc1 Rf7 25. Rc2 Rcf8 26. Qd3 Nxe3 27. Qxe3 c4
28. Rd1 b5 29. f3 b4 30. axb4 Qxb4 31. Qc3 Qe7 32. Qe3 b5 33. Rcc1 Rb8 34. Qe2
Qb4 35. Qd2 Qxd2 36. Rxd2 b4 37. Kf2 Ra7 38. Ke3 Kf8 39. g4 Ke7 40. Rdd1 Kd7
41. Ra1 Rba8 42. Rxa7+ Rxa7 43. Kd2 Kc6 44. f4 g6 45. Rf1 Ra2 46. Rb1 Kb5 47.
Kc1 Ra7 48. Kc2 Rg7 49. Rf1 h5 50. f5 gxf5 51. gxf5 exf5 52. Rxf5 Rg2+ 53. Kc1
Ka4 54. e6 Re2 55. Rxd5 Rxe6 56. Rxh5 Kb3 57. Re5 Rg6 58. Re3+ c3 59. bxc3 bxc3
60. Re1 Ra6 61. Kd1 Ra1+ 62. Ke2 Rxe1+ 63. Kxe1 Kb2 0-1

[Event "CAN-ch U12 w"]
[Site "Regina CAN"]
[Date "2019.07.10"]
[Round "7.53"]
[White "Wang, Rachel Zihan"]
[Black "Lin, Angela"]
[Result "1/2-1/2"]
[WhiteElo "1551"]
[BlackElo "1368"]
[PlyCount "84"]
[EventDate "2019.07.07"]
[EventType "swiss"]
[EventRounds "7"]
[EventCountry "CAN"]

1. d4 d5 2. c4 Nf6 3. Nf3 Bf5 4. Nc3 e6 5. Qb3 b6 6. Bg5 c6 7. e3 Be7 8. cxd5
cxd5 9. Bb5+ Nbd7 10. Ne5 O-O 11. Nc6 Qe8 12. O-O a6 13. Nxe7+ Qxe7 14. Bc6
Rab8 15. Bf4 Rbc8 16. Bb7 Rc4 17. Qd1 Nb8 18. Bxb8 Qxb7 19. Be5 Qe7 20. a3 Ne4
21. Nxe4 Bxe4 22. Rc1 Rfc8 23. Rxc4 Rxc4 24. Qa1 Qb7 25. Rc1 Qc6 26. Rxc4 Qxc4
27. f3 Bf5 28. Qe1 f6 29. Bf4 Qc2 30. Qc3 Qxc3 31. bxc3 Kf7 32. Kf2 Ke7 33. Ke2
Kd7 34. g4 Bc2 35. Kd2 Ba4 36. g5 Kc6 37. e4 Bb3 38. gxf6 gxf6 39. e5 f5 40.
Bh6 Kb5 41. Bf8 Kc4 42. f4 Ba4 1/2-1/2

[Event "CAN-ch U12 w"]
[Site "Regina CAN"]
[Date "2019.07.10"]
[Round "7.54"]
[White "Li, Mengbai"]
[Black "Chen, Helen"]
[Result "1/2-1/2"]
[WhiteElo "947"]
[BlackElo "1512"]
[PlyCount "81"]
[EventDate "2019.07.07"]
[EventType "swiss"]
[EventRounds "7"]
[EventCountry "CAN"]

1. e4 c5 2. Nf3 Nc6 3. d4 cxd4 4. Nxd4 e5 5. Nf3 Nf6 6. Nc3 Bb4 7. Bd2 Bxc3 8.
Bxc3 Nxe4 9. Bxe5 Nxe5 10. Nxe5 Qa5+ 11. c3 Qxe5 12. Qe2 d6 13. Rd1 Bf5 14. Qe3
O-O 15. Bd3 Bg6 16. O-O Nc5 17. Bxg6 Qxe3 18. Bxh7+ Kxh7 19. fxe3 Rad8 20. Rd5
Rd7 21. Rfd1 Rfd8 22. Kf2 Kg6 23. R1d4 f6 24. Rg4+ Kf7 25. Kf3 Re7 26. Rgd4 Re6
27. Rxc5 Rxe3+ 28. Kxe3 Re8+ 29. Re4 dxc5 30. Rxe8 Kxe8 31. Ke4 b6 32. b4 cxb4
33. cxb4 Ke7 34. a4 a6 35. g4 g5 36. Kd5 Kd7 37. Ke4 Ke6 38. h3 Kd6 39. Kd4 Ke6
40. Ke4 Kd6 41. Kd4 1/2-1/2

[Event "CAN-ch U12 w"]
[Site "Regina CAN"]
[Date "2019.07.10"]
[Round "7.55"]
[White "Mok, Gillian"]
[Black "Boucher, Anne-Marie"]
[Result "1-0"]
[WhiteElo "1323"]
[BlackElo "1062"]
[PlyCount "99"]
[EventDate "2019.07.07"]
[EventType "swiss"]
[EventRounds "7"]
[EventCountry "CAN"]

1. e4 e5 2. Nf3 Nc6 3. Nc3 Nf6 4. Bb5 a6 5. Ba4 Bb4 6. d3 O-O 7. O-O d5 8. Bg5
d4 9. Bxf6 Qxf6 10. Nd5 Qg6 11. Bxc6 bxc6 12. Nxb4 Qd6 13. c3 a5 14. Nc2 dxc3
15. bxc3 Bg4 16. d4 exd4 17. Qxd4 Qf4 18. Qe3 Qd6 19. Rad1 Qg6 20. Ne5 Qe6 21.
Nxg4 Qxg4 22. Nd4 c5 23. Nf5 Rae8 24. Qxc5 Rxe4 25. Ne7+ Kh8 26. Ng6+ hxg6 27.
Qxf8+ Kh7 28. Rd3 g5 29. Qxf7 Qe2 30. Rh3+ Rh4 31. Rxh4+ gxh4 32. Qf5+ g6 33.
Qxa5 c6 34. Qc7+ Kh6 35. Qxc6 Qxa2 36. c4 Qc2 37. c5 Qf5 38. f4 Kh5 39. Rc1
Qxf4 40. Qf3+ Kg5 41. Qxf4+ Kxf4 42. c6 g5 43. c7 g4 44. c8=Q g3 45. Qf8+ Kg4
46. h3+ Kg5 47. Rc5+ Kg6 48. Qd6+ Kf7 49. Rc7+ Kg8 50. Qd8# 1-0